|
|
|
|
| LEADER |
00000nkmaa2200000 a 4500 |
| 001 |
vtls011623953 |
| 003 |
SK-MaSNL |
| 005 |
20260302052947.0 |
| 007 |
kh ao |
| 008 |
230802n xo | ||00 k|slo |
| 035 |
|
|
|a 5DFCA9C0-50B8-488B-8A10-F9A7520CE7B7
|
| 035 |
|
|
|a urn:nbn:sk:snk-km43itf
|
| 035 |
|
|
|a urn:nbn:sk:snk-km00e589
|
| 040 |
|
|
|a SNKLA
|b slo
|c SNKLA
|e AACR2
|
| 041 |
0 |
|
|a slo
|
| 044 |
|
|
|a xo
|c SK
|
| 245 |
0 |
0 |
|a [Pavol Országh Hviezdoslav s manželkou Helenou a príbuznými a priateľmi]
|h grafika
|
| 260 |
|
|
|a [S.l.
|b s.n.
|c s.a.]
|
| 300 |
|
|
|a 1 fotografia
|b v hnedom tóne
|c 8 x 7 cm
|
| 520 |
2 |
|
|a Zobrazenie: Pavol Országh Hviezdoslav s manželkou Helenou a príbuznými a priateľmi na evanjelickej fare v Dolnom Kubíne. Na obr.: stojaci zľava P. O. Hviezdoslav, Pavel S. Novák, J. Bodický. Sediace zľava 1. Oľga Scholczová (dcéra Pavla Samuela Nováka), 2. Helena Országhová, 3. Helena Hegerová, 4. Oľga Nováková, rod. Kardošová.
|
| 600 |
1 |
7 |
|a Hviezdoslav, Pavol Országh,
|d 1849-1921
|2 SNKMA
|9 92721
|
| 600 |
1 |
7 |
|a Novák, Pavel Samuel,
|d 1858-1925
|2 SNKLA
|9 346365
|
| 600 |
1 |
7 |
|a Országhová, Helena
|d 1856-1932
|2 SNKLA
|9 102683
|
| 600 |
1 |
7 |
|a Hegerová, Helena
|d 1899-1983
|2 SNKLA
|9 493215
|
| 600 |
1 |
7 |
|a Nováková, Oľga
|d 1864-?
|2 SNKLA
|9 346871
|
| 600 |
1 |
7 |
|a Scholczová, Oľga
|2 SNKLA
|9 493406
|
| 655 |
|
7 |
|a fotografie
|2 SNKPH
|9 70713
|
| 852 |
|
|
|a Slovenská národná knižnica
|b Literárny archív
|
| 852 |
7 |
|
|a Slovenská národná knižnica
|b Literárny archív
|
| 958 |
|
|
|a ZO
|
| 958 |
|
|
|a BLA
|
| 999 |
|
|
|c 1107470
|d 1109400
|
| 952 |
|
|
|a SNKLA
|b SNKLA
|c SNKLA_DEP
|y NEVYP
|7 0
|p 17A1191931
|o snkK 3/462
|i snkLA 3052/1989
|0 0
|1 0
|4 0
|d 2017-04-18
|f 1
|l 0
|r 2026-02-24 17:50:21
|w 2026-02-24
|